Star Wars: Andor Characters by Picture - Statistics

General Stats
  • This quiz has been taken 107 times
  • The average score is 22 of 44
Answer Stats
Picture Answer % Correct
Cassian Andor
100%
Mon Mothma
95%
Luthen Rael
89%
Bix Caleen
88%
Syril Karn
83%
Dedra Meero
80%
Kino Loy
76%
B2EMO
75%
Maarva Andor
75%
Saw Gerrera
74%
Eedy Karn
71%
Leida Mothma
68%
Cinta Kaz
67%
Vel Sartha
67%
Brasso
66%
Karis Nemik
66%
Kleya Marki
62%
Lio Partagaz
61%
Lonni Jung
58%
Timm Karlo
57%
Wullf Yularen
57%
Tay Kolma
55%
Benthic
54%
Anto Kreegyr
53%
Arvel Skeen
53%
Clem Andor
51%
Perrin Fertha
51%
Wilmon Paak
49%
Davo Sculdun
46%
Ulaf
42%
Gorn
33%
Blevin
32%
Salman Paak
30%
Taramyn Barcona
30%
Linus Mosk
21%
Jayhold Beehaz
20%
Xanwan
14%
Kerri
13%
Nurchi
13%
Pegla
12%
Rhasiv
12%
Soden Petigar
8%
Vetch
8%
Hyne
5%
No matching quizzes found
Score Distribution
Percent of People with Each Score
Percentile by Number Answered
Your Score History
You have not taken this quiz